000 00720cam a22002053a 4500
001 41392
003 PGUSA
005 20140828083930.0
008 121117s2012||||xxu|||||s|||||000 | eng d
040 _aPGUSA
_beng
042 _adc
100 1 _aJones, U. J.
_q(Uriah James)
245 1 0 _aHistory of the Early Settlement of the Juniata Valley :
_bEmbracing an Account of the Early Pioneers, and the Trials and Privations Incident to the Settlement of the Valley
_h[electronic resource] /
_cU. J. Jones
260 _bProject Gutenberg,
_c2012
506 _aPublic domain in the USA.
516 _aElectronic text
830 0 _aProject Gutenberg
_v41392
856 4 0 _uhttp://www.gutenberg.org/ebooks/41392
942 _cEB
999 _c270644
_d270644